Előfeltevések az abortusz-kérdéshez

Elmentve itt :
Bibliográfiai részletek
Szerző: Kis János
Adatforrás:Philobibl
Forrásdokumentuma:Hiány 3
1992/3.sz., 7-15. p.
Dokumentumtípus: Cikk
Nyelv:magyar
Kulcsszavak:abortusz
LEADER 00302nab a2200109 c 4500
001 bibDOK00003823
005 20200924120007.3
008 060518s1992 hu hun
100 1 |a Kis János 
245 1 0 |a Előfeltevések az abortusz-kérdéshez  |c Kis János 
695 |a abortusz 
773 0 |t Hiány 3  |g 1992/3.sz., 7-15. p.